| 000 | 00822nam a22002057a 4500 | ||
|---|---|---|---|
| 005 | 20231025163000.0 | ||
| 008 | s2544 th tha d | ||
| 020 | _a9744194065 | ||
| 041 | _atha | ||
| 050 | _aPL4208.5 พ323ส 2544 ล.2 | ||
| 100 | 0 | _aพระคลัง (หน), เจ้าพระยา | |
| 245 | 1 | 0 | _aสามก๊ก ฉบับเจ้าพระยาพระคลัง (หน) เล่ม 2 [19th] |
| 260 | 3 |
_aกรุงเทพฯ : _bศิลปาบรรณาคาร, _c2544 |
|
| 300 |
_a805 หน้า : _b ภาพประกอบ ; _c 22 ซม. |
||
| 650 | 0 | 4 | _aสามก๊ก |
| 850 | _aNALT | ||
| 942 |
_cGB _02 |
||
| 997 | _c000000000011261 | ||
| 998 |
_aBENJALUCK SUTTHIWILAI _j111 _k นางสาวพจพิณ พรมเอี่ยม |
||
| 999 |
_c11261 _d11261 |
||